00714nam a2200229Ia 4500003000400000005001700004008004100021020001800062040000700080041000800087082002200095100004500117245004100162260005400203300001400257365000800271440000700279906004100286942001200327999001900339952012600358OSt20230420113530.0210423s2011 xx 000 0 und d a9780821868904 cAL aeng a512.55 223bDUZS aDUZHIN (S V);CHEBOTAREVSKY (B D).990979 aTransformation groups for beginners. aRhode IslandbAmerican mathematical societyc2011 ax,246bPB cINR v25 abeginners. ; groups ; Transformation 2ddccBK c160802d160802 001040708MATaSACPGbSACPGd2012-09-11eKnowledge Worldl0o512.55 DUZSpPG007281r2022-08-24 00:00:00w2021-04-26yBK